Biochemical studies on the yellow leaf disease on arecanut palms (Record no. 46202)

MARC details
000 -LEADER
fixed length control field 00358nam a2200133Ia 4500
100 ## - MAIN ENTRY--AUTHOR NAME
Personal name Menon Radha
245 #0 - TITLE STATEMENT
Title Biochemical studies on the yellow leaf disease on arecanut palms
260 ## - PUBLICATION, DISTRIBUTION, ETC. (IMPRINT)
Name of publisher Arecanut Journal
Year of publication 1961
300 ## - PHYSICAL DESCRIPTION
Number of Pages 16-21
650 ## - SUBJECT ADDED ENTRY--TOPICAL TERM
Topical Term Arecanut
650 ## - SUBJECT ADDED ENTRY--TOPICAL TERM
Topical Term Yellow leaf disease
942 ## - ADDED ENTRY ELEMENTS (KOHA)
Koha item type Reprints
Holdings
Withdrawn status Lost status Damaged status Not for loan Home library Current library Date acquired Serial Enumeration / chronology Koha item type
      Reprints RRII Library RRII Library 22/12/2021 Volume XII, Issue 1 Reprints